000 03726nam a22002177a 4500
003 GR-AtMCL
005 20250801091211.0
006 a|||||r|||||||||||
008 s2024||||gr ||||g||||||||||||gre|d
020 _a9786180054873
040 _aGR-AtMCL
_bgre
_dGR-AtMCL
084 _a616.8521 ΝΙΚ
100 _aΝικολίτσα, Αναστασία
_4070
_99897
245 1 3 _aΤο φράκταλ της ύπαρξης :
_bσώμα - νους - πνεύμα στην επούλωση του ψυχικού τραύματος /
_cΑναστασία Νικολίτσα
264 1 _a[Λάρισα] :
_bΑναστασία Νικολίτσα,
_c2024
300 _a248 σελίδες, 6 μη αριθμημένες σελίδες :
_bεικονογράφηση (ασπρόμαυρη) ;
_c24 εκ.
520 _aΜία ιδιωτική μελέτη πάνω στην τριφυή υπόσταση της ύπαρξης, σώμα-νους-πνεύμα, και το αναπόφευκτο τραύμα που την συνοδεύει. Με στοιχεία από την επικαιροποιημένη Νευροβιολογία του ψυχικού τραύματος, την Ιστορία της Επιστήμης, την Προσωκρατική και Πλατωνική Φιλοσοφία, τον Πανψυχισμό και την Κβαντική Φυσική, η πρόθεση της συγγραφέως είναι να συνδέσει και να επικοινωνήσει το ορατό και το μη ορατό της διαδικασίας της επούλωσης του ψυχικού τραύματος. Η βασική της υπόθεση είναι ότι το σώμα βιώνει μέσω των αισθήσεων όσα αναδύονται στο νου, ο νους κατανοεί και συνθέτει την πληροφορία, τις δομές και τα σύμβολα που δημιουργεί για να εκφραστεί το πνεύμα, και το πνεύμα γνωρίζει και επιθυμεί να γνωρίσει περισσότερα για τον εαυτό του, ως μία εγγενής εσωτερική επιθυμία. Καθώς τα τρία αυτά πεδία ποτέ δεν διαχωρίζονται αλλά συν-δημιουργούν την πραγματικότητα του ανθρώπου, η επούλωση του προσωπικού ψυχικού τραύματος συνδέει αυτά τα πεδία αναπόφευκτα και ανέκκλητα. Ένα βιβλίο που χρειάζεται να διαβαστεί από την αρχή μέχρι το τέλος για να αποκαλύψει το πλέγμα των συνδέσεών του. Πλούσιο από βιβλιογραφικές αναφορές μεγάλου εύρους, αποτελεί μία συμπυκνωμένη έρευνα που επιδιώκει να δώσει το έναυσμα στον αναγνώστη να ανακαλύψει νέα πεδία γνώσης και πληροφορίας αλλά και να διερευνήσει περεταίρω όσα περιέχονται σε αυτό το βιβλίο. Περιέχει, από εξειδικευμένη επιστημονική γνώση μέχρι απλά παραδείγματα εν είδει βινιέτας, τα οποία θα βοηθήσουν και τον μη εξειδικευμένο αναγνώστη που διερωτάται γύρω από το ψυχικό τραύμα και τα θέματα της ύπαρξης.
650 0 _aΨυχολογία
_99898
650 0 _aΨυχικό τραύμα
_99899
942 _cBK
999 _c9843
_d9843